Применения ультразвука: пер. с англ.

Bibliografische gegevens
Hoofdauteur: Балдев Р. Радж
Andere auteurs: Раджендран В., Паланичами П.
Samenvatting:Книга посвящена современным применениям ультразвука в науке и технике и базируется на научных публикациях последних лет. Издание ориентировано на широкий круг читателей (специалисты по материаловедению, машиностроению и приборостроению, студенты). Наряду с кратким изложением теоретических основ детально рассматриваются вопросы излучения и приема ультразвука, методы определения параметров ультразвуковых волн, дается обзор применения ультразвука в различных отраслях промышленности для оперативного контроля хода процессов, свойств веществ и параметров изделий. Даны основы инженерных расчетов, рассмотрены схемы и конструкции устройств, применяемых в неразрушающем контроле, металлургии, материаловедении, медицине, подводной акустике, расходометрии. Существенное внимание уделено методам исследования жидкостей, а также контроля структуры и механических свойств материалов и готовых изделий.
Taal:Russisch
Gepubliceerd in: Москва, Техносфера, 2006
Reeks:Мир физики и техники
Onderwerpen:
Formaat: MixedMaterials Boek
KOHA link:https://koha.lib.tpu.ru/cgi-bin/koha/opac-detail.pl?biblionumber=114164

MARC

LEADER 00000nam0a2200000 4500
001 114164
005 20231101215156.0
010 |a 5948360881 
035 |a (RuTPU)RU\TPU\book\123465 
090 |a 114164 
100 |a 20070419d2006 km y0rusy50 ca 
101 1 |a rus  |c eng 
102 |a RU 
105 |a a z 001zy 
200 1 |a Применения ультразвука  |e пер. с англ.  |f Р. Балдев, В. Раджендран, П. Паланичами 
210 |a Москва  |c Техносфера  |d 2006 
215 |a 576 с.  |c ил. 
225 1 |a Мир физики и техники 
320 |a Предметный указатель: с. 566-575 
330 |a Книга посвящена современным применениям ультразвука в науке и технике и базируется на научных публикациях последних лет. Издание ориентировано на широкий круг читателей (специалисты по материаловедению, машиностроению и приборостроению, студенты). Наряду с кратким изложением теоретических основ детально рассматриваются вопросы излучения и приема ультразвука, методы определения параметров ультразвуковых волн, дается обзор применения ультразвука в различных отраслях промышленности для оперативного контроля хода процессов, свойств веществ и параметров изделий. Даны основы инженерных расчетов, рассмотрены схемы и конструкции устройств, применяемых в неразрушающем контроле, металлургии, материаловедении, медицине, подводной акустике, расходометрии. Существенное внимание уделено методам исследования жидкостей, а также контроля структуры и механических свойств материалов и готовых изделий. 
606 1 |a Ультразвук  |x Применение в технике  |2 stltpush  |3 (RuTPU)RU\TPU\subj\63012  |9 80064 
606 1 |a Ультразвуковой контроль  |2 stltpush  |3 (RuTPU)RU\TPU\subj\70930  |9 85075 
610 1 |a наука 
610 1 |a техника 
610 1 |a ультразвук 
610 1 |a ультразвуковые преобразователи 
610 1 |a измерение 
610 1 |a прогрессивные способы 
610 1 |a жидкие смеси 
610 1 |a растворы 
610 1 |a ультразвуковые исследования 
610 1 |a ультразвуковые неразрушающие испытания 
610 1 |a медицина 
610 1 |a подводная акустика 
610 1 |a стандарты 
675 |a 62-868  |v 4 
675 |a 620.179.16  |v 4 
700 1 |a Балдев  |b Р.  |g Радж 
701 1 |a Раджендран  |b В. 
701 1 |a Паланичами  |b П. 
801 1 |a RU  |b 63413507  |c 20070419  |g PSBO 
801 2 |a RU  |b 63413507  |c 20230324  |g PSBO 
900 |a Применение ультразвука в медицине 
942 |c BK 
959 |a 32/20070419  |d 2  |e 630,00  |f АНЛ:1  |f ЧЗТЛ:1